Študentské fórum IV. roč. prezentácie ved. prvotín študentov stredných a vysokých škôl, december 2000 /

Uloženo v:
Podrobná bibliografie
Další autoři: WIEGEROVÁ, A. (Sestavovatel, kompilátor)
Médium: Kniha
Jazyk:slovenština
Vydáno: Bratislava : IUVENTA - Slovenský inštitút mládeže, 2001
Vydání:1. vyd.
Témata:
ISBN:8088893623
On-line přístup: Získat plný text
Tagy: Přidat tag
Žádné tagy, Buďte první, kdo vytvoří štítek k tomuto záznamu!

MARC

LEADER 00000nam a2200000 4500
003 SK-BrCVT
005 20230525122051.0
008 221214c2001 xo slo
020 |a 8088893623  |c 100.00 Sk 
035 |a CVTIDW0017477 
040 |a CVTISR  |c CVTISR  |e AACR2 
041 |a slo 
044 |a xo  |c SK 
245 0 |a Študentské fórum  |b IV. roč. prezentácie ved. prvotín študentov stredných a vysokých škôl, december 2000 /  |c Zost.: A. WIEGEROVÁ 
250 |a 1. vyd. 
260 1 |a Bratislava :  |b IUVENTA - Slovenský inštitút mládeže,  |c 2001 
300 |a 129 s. 
655 4 |a zborníky  |9 34875 
700 1 |a WIEGEROVÁ, A.  |4 com 
910 |a 4059  |b P010733 
919 |a 80-88893-62-3 
974 |a cvti cvti  |f Knihy neprofilové  |b cvti cvti 
992 |a AZN 
997 |h WINISIS 
999 |c 281958  |d 281958